00441 2200169 4500001002100000005001500021035002000036245005400056100001300110250001700123300003200140260003500172082001100207084001700218020002200235650001400257INLIS00000000000042220240618081835 a0010-06240001311 aBudi Daya Lele Kampung dan Lele Dumbo /cSutrisno0 aSutrisno acetakan ke-1 aiv, 52 hlm :bilus ;c21 cm aJakarta :bGaneca Exact,c2007 a639.31 a639.31 SUT b a978-979-571-462-0 4aBudi Daya